[Event "CHI-ch"]
[Site "Santiago de Chile"]
[Date "2023.02.19"]
[Round "11"]
[White "Valdes Escobar, Alvaro Daniel"]
[Black "Rosales Schulz, Robin"]
[Result "1/2-1/2"]
[WhiteElo "2347"]
[BlackElo "2126"]
[PlyCount "47"]
[EventDate "2023.02.11"]
[EventType "tourn"]
[EventRounds "11"]
[EventCountry "CHI"]
[SourceTitle "CBM 212 Extra"]
[Source "ChessBase"]
[SourceDate "2023.03.31"]
[SourceVersion "1"]
[SourceVersionDate "2023.03.31"]
[SourceQuality "1"]

1. e4 c5 2. Nf3 g6 3. d4 cxd4 4. Nxd4 Bg7 5. c4 Nc6 6. Be3 d6 7. Nc3 Nf6 8. Be2 0-0 9. 0-0 Bd7 10. h3 Nxd4 11. Bxd4 Bc6 12. Qc2 Nd7 13. Bxg7 Kxg7 14. Rad1 a5 15. Bg4 a4 16. Rfe1 f6 17. Bxd7 Bxd7 18. Kh1 Rc8 19. Qe2 Rc5 20. f4 Bc6 21. Nd5 Bxd5 22. exd5 Rf7 23. Qd3 b5 24. b3 1/2-1/2

[Event "FISU World University"]
[Site "Tornelo INT"]
[Date "2020.10.28"]
[Round "8.20"]
[White "Benedetti, Julio"]
[Black "Rosales Schulz, Robin"]
[Result "0-1"]
[WhiteElo "2282"]
[BlackElo "2133"]
[PlyCount "64"]
[EventDate "2020.10.26"]
[EventType "team-swiss (rapid)"]
[EventRounds "9"]
[EventCountry "NET"]
[SourceTitle "CBM 199 Extra"]
[Source "ChessBase"]
[SourceDate "2021.01.31"]
[SourceVersion "1"]
[SourceVersionDate "2021.01.31"]
[SourceQuality "1"]
[WhiteTeam "Argentina III"]
[BlackTeam "Chile II"]
[WhiteTeamCountry "ARG"]
[BlackTeamCountry "CHI"]

1. e4 g6 2. d4 Bg7 3. Nc3 d6 4. Bc4 e6 5. Be3 Ne7 6. Qd2 h6 7. f3 a6 8. a4 b6 9. Nge2 d5 10. Bb3 Nbc6 11. 0-0-0 Bb7 12. g4 b5 13. exd5 exd5 14. Kb1 Na5 15. axb5 axb5 16. Nxb5 Nxb3 17. cxb3 Ba6 18. Nbc3 Rb8 19. Nc1 Nc6 20. Rhe1 Kf8 21. Na4 Kg8 22. Qc3 Bb5 23. Nc5 Kh7 24. h4 Ra8 25. h5 Qf6 26. f4 Ra7 27. N1d3 Rha8 28. Ne5 gxh5 29. Ncd7 Qe7 30. Nxc6 Qe4+ 31. Kc1 Ra1+ 32. Kd2 Qg2+ 0-1

[Event "South America-ch U18 11th"]
[Site "Montevideo"]
[Date "2014.09.09"]
[Round "3"]
[White "Acosta, Pablo Ismael"]
[Black "Rosales Schulz, Robin"]
[Result "1-0"]
[WhiteElo "2188"]
[BlackElo "1979"]
[PlyCount "51"]
[EventDate "2014.09.08"]
[EventType "swiss"]
[EventRounds "9"]
[EventCountry "URU"]
[SourceTitle "EXT 2016"]
[Source "ChessBase"]
[SourceDate "2015.10.08"]
[SourceVersion "1"]
[SourceVersionDate "2015.10.08"]
[SourceQuality "1"]

1. c4 c6 2. g3 d5 3. Bg2 e6 4. Nf3 Nf6 5. 0-0 Bd6 6. b3 0-0 7. Bb2 Re8 8. Nc3 a6 9. d4 Nbd7 10. Nd2 Bb8 11. e4 dxe4 12. Ndxe4 Nxe4 13. Nxe4 e5 14. d5 cxd5 15. Qxd5 Qc7 16. c5 Nf6 17. Nxf6+ gxf6 18. Rac1 Ra7 19. f4 Qe7 20. f5 Bd7 21. Rc4 Bc6 22. Qd2 Kh8 23. Qh6 Rg8 24. Bc1 Bc7 25. Qxh7+ Kxh7 26. Rh4+ 1-0